LEADER 00837nam a2200193 i 4500 001 000000224232 003 CaOOAMICUS 005 20131028000000.0 008 131028s1832 it u000 u lat u 013 $a203130 040 $aSeMil$bita 245 10$aTomus 33. 300 $a504 p. 773 0 $aGuillon, Marie Nicolas Sylvestre <1760-1847>$tCollectio selecta SS. Ecclesiae Patrum, complectens exquisitissima opera tum dogmatica et moralia, tum apologetica et oratoria; accurantibus D. Caillau ... una cum D.M.N.S. Guillon ..$dParisiis : Apud Méquignon-Havard, 1829-1840 (Parisiis : Typis Decourchant)$g33$w()28977 850 $aSeMil 852 $aSeMil$W1$xVenegono$y1$m2S II 33 FA$j174578$B174578$CSeMilBibl$Z2$F184653 $8I 941 1 $a10 961 $aRecupero: Mantegazza 996 $6245$aTomus 33$9(OLS)http://semarc/title/321330 LEADER 01253nam a2200289 i 4500 001 000000104877 003 CaOOAMICUS 005 20220329113711.0 008 020123s2002 gw u000 u ger u 013 $a77066 020 $a3-506-74675-8 040 $aSeMil$bita 100 1 $aBrandmüller, Walter,$c.$0(OLS)http://semarc/name/18 245 14$aDas Konzil von Pavia-Siena 1423-1424 /$cWalter Brandmüller. 264 1$aPaderborn [etc.] :$bFerdinand Schöningh,$c2002. 300 $aXXIV, 371 p. ;$c24 cm. 490 1 $aKonziliengeschichte. Reihe A, Darstellungen 500 $aContiene : Literaturverzeichnis. 650 4$aConcilio di Pavia-Siena <1423-1424>.$0(OLS)http://semarc/subject/18261 830 0$aKonziliengeschichte. Reihe A, Darstellungen.$0(OLS)http://semarc/title/28 850 $aSeMil 852 $aSeMil$W1$xVenegono$y1$mSL1.Y III 21$j61176$B61176$CSeMilBibl$Z2$F70575 $8I 961 $aSottoscrizione: Schöningh 996 $6020$a3-506-74675-8$9(OLS)http://semarc/number/84837 996 $6245$aDas Konzil von Pavia-Siena 1423-1424$9(OLS)http://semarc/title/151940 996 $6264$aPaderborn [etc.] :$bFerdinand Schöningh$9(OLS)http://semarc/publisher/29622